Chat Acronyms Quiz Stats

 Plays Quiz Updated Nov 25, 2013

Support Sporcle.
Go Orange.
Score 0/30 Timer 06:00
0 Plays Today
Acronym Translation % Correct
LOLLaughing Out Loud
99.1%
OMGOh My God
97.7%
WTFWhat the F***
90.7%
BRBBe Right Back
90.7%
TTYLTalk To You Later
90.5%
FYIFor Your Information
90.3%
BTWBy The Way
90.2%
L8RLater
90.2%
THXThanks
90.1%
GTGGot To Go
88.9%
IDKI Don't Know
88%
ROFLRolling on the Floor Laughing
87.9%
LMAOLaughing My @$$ Off
87.8%
TGIFThank Goodness It's Friday
83.5%
NPNo Problem
80.8%
Acronym Translation % Correct
BBLBe Back Later
64.8%
TTFNTa Ta For Now
59.2%
MYOBMind Your Own Business
53.8%
FTWFor The Win
47.4%
IMHOIn My Humble Opinion
39.5%
IRLIn Real Life
29.7%
NSFWNot Safe For Work
28.6%
NIMBYNot In My Back Yard
20.9%
FWIWFor What It's Worth
16.8%
PHATPretty Hot And Tempting
16.3%
JASJust a Second
15.4%
IIRCIf I Recall Correctly
9.3%
TAFNThat's All For Now
9.1%
AFAICAs Far As I'm Concerned
9%
JFGIJust F***ing Google It
8.1%

From the Vault

0, Zero, Zip, Zilch (Multiple Choice)

by DesertSpartan

"You get nothing! You lose! Good day, sir!"
Remove Ads.
Support Sporcle.
Get the best of Sporcle when you Go Orange. This ad-free experience offers more features, more stats, and more fun while also helping to support Sporcle. Thank you for becoming a member.

Show Comments

Extras

Top Quizzes Today


Score Distribution

Your Account Isn't Verified!

In order to create a playlist on Sporcle, you need to verify the email address you used during registration. Go to your Sporcle Settings to finish the process.

Report this User

Report this user for behavior that violates our Community Guidelines.

Details: